Online katalóg knižníc regiónu Turca

Rozprávky z lesa (Record no. 21576)

MARC details
000 -LEADER
fixed length control field 01606cam a2200445 a 4500
001 - CONTROL NUMBER
control field 21576
003 - CONTROL NUMBER IDENTIFIER
control field VRT
005 - DATE AND TIME OF LATEST TRANSACTION
control field 20260305140136.0
008 - FIXED-LENGTH DATA ELEMENTS--GENERAL INFORMATION
fixed length control field 240318s2010 xo a b 000 f slo
015 ## - NATIONAL BIBLIOGRAPHY NUMBER
National bibliography number SNBA2011/02-00914
020 ## - INTERNATIONAL STANDARD BOOK NUMBER
International Standard Book Number 9788080643874
Qualifying information (viaz.)
035 ## - SYSTEM CONTROL NUMBER
System control number 5789401D-91E9-4618-AB47-D4AFFED40833
035 ## - SYSTEM CONTROL NUMBER
System control number urn:nbn:sk:snk-amjx2s
035 ## - SYSTEM CONTROL NUMBER
System control number urn:nbn:sk:snk-am007xuk
039 #9 - LEVEL OF BIBLIOGRAPHIC CONTROL AND CODING DETAIL [OBSOLETE]
Level of rules in bibliographic description 202403181757
Level of effort used to assign nonsubject heading access points VLOAD
Level of effort used to assign subject headings 201909241154
Level of effort used to assign classification AUTHORITY
Level of effort used to assign subject headings 201808061019
Level of effort used to assign classification VLOAD
Level of effort used to assign subject headings 201511121709
Level of effort used to assign classification VLOAD
040 ## - CATALOGING SOURCE
Original cataloging agency PPPK
Language of cataloging slo
Transcribing agency PPPK
Modifying agency SNK
Description conventions AACR2
041 0# - LANGUAGE CODE
Language code of text/sound track or separate title slo
044 ## - COUNTRY OF PUBLISHING/PRODUCING ENTITY CODE
MARC country code xo
ISO country code SK
072 #7 - SUBJECT CATEGORY CODE
Subject category code 821.162.4-3
Subject category code subdivision Slovenská próza
Source konspekt
072 #7 - SUBJECT CATEGORY CODE
Subject category code 821-93
Subject category code subdivision Literatúra pre deti a mládež (beletria)
Source konspekt
080 ## - UNIVERSAL DECIMAL CLASSIFICATION NUMBER
Universal Decimal Classification number 821.162.4-34
Edition identifier 2001
080 ## - UNIVERSAL DECIMAL CLASSIFICATION NUMBER
Universal Decimal Classification number 821-93
Edition identifier 2001
100 1# - MAIN ENTRY--PERSONAL NAME
Personal name Debnár, Štefan,
Dates associated with a name 1958-
Relationship aut
245 10 - TITLE STATEMENT
Title Rozprávky z lesa
Statement of responsibility, etc. Štefan Debnár ; ilustroval Ján Vrabec
250 ## - EDITION STATEMENT
Edition statement [1. vyd.]
260 ## - PUBLICATION, DISTRIBUTION, ETC.
Place of publication, distribution, etc. Žilina
Name of publisher, distributor, etc. Knižné centrum
Date of publication, distribution, etc. c2010
300 ## - PHYSICAL DESCRIPTION
Extent 30 s.
Other physical details fareb. ilustr.
Dimensions 31 cm
655 #7 - INDEX TERM--GENRE/FORM
Genre/form data or focus term slovenské rozprávky
Source of term SNKPH
655 #7 - INDEX TERM--GENRE/FORM
Genre/form data or focus term publikácie pre deti
Source of term SNKPH
655 #7 - INDEX TERM--GENRE/FORM
Genre/form data or focus term Slovak fairy tales
Source of term SNKPHeng
655 #7 - INDEX TERM--GENRE/FORM
Genre/form data or focus term Children's literature
Source of term SNKPHeng
700 1# - ADDED ENTRY--PERSONAL NAME
Personal name Vrabec, Ján,
Dates associated with a name 1959-
Relationship ill
942 ## - ADDED ENTRY ELEMENTS (KOHA)
Source of classification or shelving scheme Dewey Decimal Classification
Koha item type Krásna literatúra pre deti
Suppress in OPAC No
949 ## - LOCAL PROCESSING INFORMATION (OCLC)
6 270001000364401
a svkbbC 54371
b svkbbm 713744
949 ## - LOCAL PROCESSING INFORMATION (OCLC)
6 17A0682386
a snkSB 80611
b snk2010/27361
o 2697/10
s 6100:20140925
949 ## - LOCAL PROCESSING INFORMATION (OCLC)
6 17A0682387
a snkSB 80611 D1
b snk2010/27363
o 2697/10
949 ## - LOCAL PROCESSING INFORMATION (OCLC)
6 2889174798
a savukPV 15110
b savuk2011/3738
949 ## - LOCAL PROCESSING INFORMATION (OCLC)
6 273K0527935
a svkpoD 2807
b svkpo536839
980 ## - EQUIVALENCE OR CROSS-REFERENCE-SERIES STATEMENT--PERSONAL NAME/TITLE [LOCAL, CANADA]
Personal name 821.162.4-34
Holdings
Stav vyradenia Strata Poškodenie Spôsob nadobudnutia Domovská knižnica Aktuálna knižnica Dátum nadobudnutia Total checkouts Čiarový kód exemplára Date last seen Typ exemplára
      Dar Obecná knižnica Horná Štubňa Obecná knižnica Horná Štubňa 05.03.2026   9788080643874 05.03.2026 Krásna literatúra pre deti
Projekt je podporený Slovenskou asociáciou knižníc
Prevádzkuje Turčianska knižnica Martin 2026